00518cam a22001937a 45000010009000000050017000090080041000260100017000670200015000840350023000990400052001220410008001740420014001820800015001960820019002111000007002301010008002372450079002451344199220180116083948.0031222s2004 nyua 001 0 eng d a 2003116891 a0789310759 a(OCoLC)ocm55696163 aOCOcOCOdSPPdOMPdOCLCQdBURdOCLdBAKERdDLC aeng alccopycat a641.86 BRU04a641.86 BRU2221 a10 aNUT10aSweet Serendipity :cStephen Bruce with Brett Bara ; photos by Liz Steger.